| 000 | 00547nam a2200205 a 4500 | ||
|---|---|---|---|
| 001 | BRCA_3720 | ||
| 005 | 20190320204410.0 | ||
| 008 | 110909s1993----u--a---###---#000-0#spa-# | ||
| 020 | _a1564090027 | ||
| 041 | _aspa | ||
| 044 | _au | ||
| 050 | 4 |
_aPC4620 _b.L49 1993 |
|
| 245 | 1 | 0 | _aLexipedia. |
| 260 |
_aEstados Unidos _bEncyclopaedia Britannica de México _c1993 |
||
| 300 |
_a2 v. _bil. a color _c29 cm. |
||
| 505 | 0 | _aContenido: v.1. A-GYÖR. -- v.2. H-ZWORYKIN | |
| 650 | 1 | 4 |
_aEspañol _vDiccionarios _99682 |
| 902 | _aREF | ||
| 942 |
_2lcc _cB |
||
| 999 |
_c3449 _d3449 |
||